Du travail et de l'amour : les dessous de la production domestique

Αποθηκεύτηκε σε:
Λεπτομέρειες βιβλιογραφικής εγγραφής
Άλλοι συγγραφείς: Vandelac, Louise (Επιμελητής έκδοσης)
Μορφή: Βιβλίο
Γλώσσα:French
Δημοσίευση: Montreal : Saint-Martin, c1985
Σειρά:Collection "Femmes"
Θέματα:
Ετικέτες: Προσθήκη ετικέτας
Δεν υπάρχουν, Καταχωρήστε ετικέτα πρώτοι!

MARC

LEADER 00000cam a2200000 i 4500
001 1/6994
008 960719s1985 fre d
020 |a 2-89035-115-7 
035 |l 10016549 
040 |a GR-MY-UA  |b gre  |e aacr 
041 0 |a fre 
082 0 |a 331.48164 
245 1 0 |a Du travail et de l'amour :  |b les dessous de la production domestique /  |c Sous la direction de Louise Vandelac, avec la participation de Diane Belisle; Anne Gauthier; Yolande Pinard 
260 |a Montreal :   |b Saint-Martin,   |c c1985 
300 |a 418 p.;  |b ill.;  |c 23 cm 
490 1 |a Collection "Femmes" 
504 |a Bibliography: p. [391]-416 
650 0 0 |a Housewives. 
650 0 0 |a Wages  |x Housewives. 
650 0 0 |a Home economics  |x Valuation. 
650 0 0 |a Sexual division of labor. 
700 1 |a Vandelac, Louise.  |4 edt 
852 |a INST  |b LESVOS  |e 19960719  |h 331.48164 TRA  |p 005100004377  |q 005100004377  |t BK  |y 0 
909 |a Λ  |b 015296